| 000 | 00841nam a2200229 i 4500 | ||
|---|---|---|---|
| 001 | 12135 | ||
| 003 | ES-MaACL | ||
| 005 | 20230906150240.0 | ||
| 007 | t| | ||
| 008 | 970414s1996 sp ||||1| spa d | ||
| 020 | _a84-7114-632-0 | ||
| 080 | _a339.9(100-775:100-773) | ||
| 080 | _a339.9(100-773:100-775) | ||
| 245 | 0 | 0 |
_aInforme sobre desarrollo humano _b: 1996 / _cPrograma de las Naciones Unidas para el Desarrollo (PNUD). |
| 260 |
_aMadrid : _bMundi-Prensa, _c1996. |
||
| 300 |
_aXIII, 250 p. ; _c28 cm. |
||
| 650 | 4 |
_aPaíses desarrollados- _xRelaciones económicas- _zPaíses en desarrollo. _9196496 |
|
| 650 | 4 |
_aPaíses en desarrollo- _xRelaciones económicas- _zPaíses desarrollados. _9196497 |
|
| 710 | 2 |
_aNaciones Unidas. _bPrograma para el desarrollo. _95966 |
|
| 852 |
_aES-MaACL _jL-19410 _bR.125741 |
||
| 999 |
_c12135 _d12135 |
||